[Event "23rd Schlosspark-Open"]
[Site "Wiesbaden GER"]
[Date "2011.08.27"]
[Round "4.10"]
[White "Schwarz,Edu"]
[Black "Kayser,Fe"]
[Result "0-1"]
[WhiteElo "2088"]
[BlackElo "2190"]

1.d4 d5 2.c4 dxc4 3.Nf3 Nf6 4.e3 e6 5.Bxc4 c5 6.O-O a6 7.a4 Nc6 8.Qe2 cxd4
9.Rd1 Be7 10.exd4 O-O 11.Nc3 Nb4 12.Bf4 Nfd5 13.Be5 b6 14.Rac1 Bb7 15.Ne4 Qd7
16.Bb3 Rac8 17.h4 Rxc1 18.Rxc1 Rc8 19.Rxc8+ Bxc8 20.a5 bxa5 21.Nc5 Qb5 22.Bc4 Qc6
23.Ng5 f6 24.Bxf6 Bxf6 25.Ncxe6 Bxg5 26.Nxg5 h6 27.Nf3 Bg4 28.Bb3 Qc1+ 29.Kh2 Qf4+
30.Kg1 Bxf3 31.gxf3 Qc1+ 32.Kh2 Qc6 33.f4 a4 34.Bc4 Kh8 35.Kg3 Qg6+ 36.Qg4 Qe4
37.f5 Qe7 38.Qg6 Nf6 39.Qf7 Qd6+ 40.Kg2 Nc2 41.Qe6 Qxe6 42.fxe6 Nxd4 43.h5 a5
44.f3 g6 45.hxg6 Kg7 46.f4 Kxg6 47.Bd3+ Kg7 48.f5 Nd5 49.Kg3 Kf6 50.Be4 Nxf5+
51.Kg4 h5+ 52.Kf3 Kxe6  0-1

[Event "1st Alghero Open"]
[Site "Alghero ITA"]
[Date "2011.08.29"]
[Round "4.6"]
[White "Paikidze,N"]
[Black "Sprenger,J"]
[Result "1/2-1/2"]
[WhiteElo "2416"]
[BlackElo "2515"]

1.d4 d5 2.c4 dxc4 3.Nf3 Nf6 4.e3 e6 5.Bxc4 c5 6.Qe2 a6 7.dxc5 Bxc5 8.O-O Nc6
9.Nbd2 O-O 10.Bd3 Ba7 11.b3 Qe7 12.Nc4 e5 13.Ba3 Bc5 14.Bxc5 Qxc5 15.Ncd2 Qe7
16.Ne4 Bf5 17.Nxf6+ Qxf6 18.Bxf5 Qxf5 19.Rfd1  1/2-1/2

[Event "TCh-SRB Premier Men"]
[Site "Valjevo SRB"]
[Date "2011.08.29"]
[Round "3.6"]
[White "Ostojic,N1"]
[Black "Tosic,M"]
[Result "1/2-1/2"]
[WhiteElo "2458"]
[BlackElo "2402"]

1.d4 d5 2.c4 dxc4 3.Nf3 Nf6 4.e3 e6 5.Bxc4 c5 6.O-O a6 7.dxc5 Qxd1 8.Rxd1 Bxc5
9.Nbd2 Nc6 10.Nb3 Be7 11.Bd2 b6 12.Rac1 Bb7 13.Nfd4 Nxd4 14.Nxd4 Rc8 15.f3 Bd6
16.Be2  1/2-1/2

[Event "18th Graz Open"]
[Site "Graz AUT"]
[Date "2011.09.01"]
[Round "6"]
[White "Schriebl,A"]
[Black "Zoebisch,H"]
[Result "1/2-1/2"]
[WhiteElo "2080"]
[BlackElo "2148"]

1.d4 d5 2.c4 dxc4 3.Nf3 Nf6 4.e3 e6 5.Bxc4 c5 6.O-O a6 7.Bb3 Nc6 8.Nc3 Be7
9.dxc5 Qxd1 10.Rxd1 Bxc5 11.Bd2 Bd7 12.Rac1 Ba7 13.Na4 Rc8 14.Be1 Ke7 15.Nc5 Bxc5
16.Rxc5 Ne4 17.Rcc1 Rhd8 18.Bc2 Nf6 19.Ng5 h6 20.Ne4 Nxe4 21.Bxe4 Be8 22.Bc3 f6
23.h3 Rxd1+ 24.Rxd1 Rd8 25.Rc1 Kf7 26.Kf1 Ke7 27.Ke1 Kf7 28.g3 Ke7 29.Rc2 Kf7
30.f4 Bd7 31.h4 Ke7 32.a3 Rc8 33.Kd2 Kf7 34.Ke2 f5 35.Bf3 g6 36.Rd2 Be8 37.Kd1 Rd8
38.e4 Rxd2+ 39.Kxd2 h5 40.exf5 exf5 41.Bd5+ Ke7 42.Kd3 Kd6 43.Bg8 b5 44.Bb4+ Kc7
45.Bc5 Kd7 46.Kc3 a5 47.b3 Kc7 48.Bd5 Nd8 49.Be7 Nc6 50.Bf8 Kb6 51.Bd6 Nd8
52.b4 a4 53.Be7 Nc6 54.Bf8 Nd8 55.Bd6 Nc6 56.Bg8 Kb7 57.Kd3 Kb6 58.Be5 Kb7
59.Be6 Nd8 60.Bd5+ Nc6  1/2-1/2

[Event "1st Alghero Open"]
[Site "Alghero ITA"]
[Date "2011.09.02"]
[Round "8.2"]
[White "Sokolov,Ivan"]
[Black "Sprenger,J"]
[Result "1/2-1/2"]
[WhiteElo "2672"]
[BlackElo "2515"]

1.d4 d5 2.Nf3 Nf6 3.c4 dxc4 4.e3 e6 5.Bxc4 c5 6.O-O a6 7.a4 Nc6 8.Qe2 cxd4
9.Rd1 Be7 10.exd4 O-O 11.Nc3 Nd5 12.Qe4 Nf6 13.Qh4 Nd5 14.Qg4 Re8 15.Bh6 Bf8
16.Qg3 Nce7 17.Bg5 h6 18.Bxe7 Rxe7 19.Ne5 Rc7 20.Bb3 Nxc3 21.bxc3 Bd6 22.c4 Qg5
23.Qxg5 hxg5 24.Nf3 Be7 25.Ne5 Bf6 26.Ng4 Be7 27.Ne5 Bf6 28.Re1 Bd7 29.a5 Rd8
30.Rad1 Kf8 31.h3 Bc6 32.f3 Bxe5 33.Rxe5 Rcd7 34.d5 exd5 35.Rxg5 dxc4 36.Rxd7 Rxd7
37.Bxc4 f6 38.Rh5 Rd4 39.Bb3 Rb4 40.Bc2 g5 41.Rh7 Rb5 42.Be4 Rxa5 43.Bxc6 bxc6
44.Kf2 Ra2+ 45.Kg3 a5 46.Rc7 a4 47.Rxc6 Kf7 48.Ra6 a3 49.h4 gxh4+ 50.Kh3 Kg6
51.Ra5 f5 52.Kxh4 Rxg2  1/2-1/2

[Event "18th Graz Open"]
[Site "Graz AUT"]
[Date "2011.09.03"]
[Round "8"]
[White "Toefferl,H"]
[Black "Zoebisch,H"]
[Result "1-0"]
[WhiteElo "2102"]
[BlackElo "2148"]

1.d4 d5 2.c4 dxc4 3.Nf3 Nf6 4.e3 e6 5.Bxc4 c5 6.O-O a6 7.a4 Nc6 8.Qe2 Be7
9.dxc5 Bxc5 10.Bd2 O-O 11.Nc3 Qc7 12.Rac1 b6 13.Na2 Qe7 14.Rfd1 Bb7 15.Qe1 Ne4
16.Nc3 Nxd2 17.Rxd2 Na5 18.Ba2 Bxf3 19.gxf3 Qg5+ 20.Kh1 Qh5 21.Qe2 Nc6 22.Rg1 Ne5
23.Rg3 Rad8 24.Ne4 Kh8 25.f4 Qxe2 26.Rxe2 Nd3 27.Bc4 a5 28.Rg1 Be7 29.Ng3 g6
30.Kg2 Bf6 31.Rb1 Be7 32.Kf1 Nc5 33.b3 Nd3 34.f3 Bb4 35.h4 h5 36.Ne4 Be7
37.Rh2 Kg7 38.Ke2 Nc5 39.Ng3 Rd7 40.Rd1 Rxd1 41.Kxd1 Rd8+ 42.Kc2 Rc8 43.e4 Nxa4
44.Kd3 Rd8+ 45.Kc2 Nc5 46.Rg2 Kf8 47.f5 Bxh4 48.fxg6 fxg6 49.Ne2 g5 50.e5 Ke7
51.f4 Ne4 52.fxg5 Nxg5 53.Nf4 Rd4 54.Ng6+ Kf7 55.Nxh4 Rxh4 56.Rxg5 a4 57.Rf5+ Ke7
58.Rf6 Rh2+ 59.Kb1 axb3 60.Rxe6+ Kd7 61.Rxb6 Rh1+ 62.Kb2 Re1 63.e6+ Ke7 64.Rxb3 h4
65.Rb7+ Kf6 66.Rh7 Re4 67.Kc3  1-0

[Event "Yuzhny Open"]
[Site "Yuzhny UKR"]
[Date "2011.09.05"]
[Round "4.19"]
[White "Majboroda,E"]
[Black "Stasenko,J"]
[Result "1/2-1/2"]
[WhiteElo "2176"]
[BlackElo "1965"]

1.d4 d5 2.c4 dxc4 3.Nf3 Nf6 4.e3 e6 5.Bxc4 c5 6.O-O Be7 7.dxc5 Qxd1 8.Rxd1 Bxc5
9.b3 O-O 10.Bb2 Nc6 11.Nbd2 b6 12.Rac1 Na5 13.Be2 Bb7 14.Ne5 Rac8 15.a3 Nc6
16.Bf3 Nd5 17.Nd7 Nxe3 18.fxe3 Bxe3+ 19.Kf1 Rfd8 20.Ke2 Bd4 21.Ne5 Bxe5 22.Rxc6 Bxb2
23.Rxc8 Bxc8 24.Nc4 Rxd1 25.Kxd1 Bf6 26.Bc6 e5 27.h3 Kf8 28.a4 Be6 29.Kc2 Bxc4
30.bxc4 Ke7 31.Kd3 Bg5 32.Ke4 Kd6 33.Be8 f6 34.g4 a6 35.Bf7 Kc5 36.Kd3 Kb4
37.Be8 e4+ 38.Kxe4 Kxc4 39.Bf7+ Kb4 40.Be8 Kc5 41.Bf7 b5 42.axb5 axb5 43.Bg8 b4
44.Bxh7 Kc4 45.Bg8+ Kc3 46.Kf5 b3 47.Kg6 b2 48.Ba2 Kd4 49.Kxg7 Ke5 50.Bb1 Kf4
51.Kf7 Kg3 52.Bf5 Kxh3 53.Ke6 Kg3 54.Kd5 Kf3 55.Kc4 Ke2 56.Kb3 Bc1  1/2-1/2

[Event "Yuzhny Open"]
[Site "Yuzhny UKR"]
[Date "2011.09.05"]
[Round "5.17"]
[White "Dzupin,D"]
[Black "Pen,L"]
[Result "1/2-1/2"]
[WhiteElo "2230"]
[BlackElo "2062"]

1.d4 Nf6 2.Nf3 d5 3.c4 dxc4 4.e3 e6 5.Bxc4 c5 6.O-O a6 7.Qe2 cxd4 8.Rd1 Be7
9.Nxd4 Qc7 10.b3 O-O 11.Bb2 Nc6 12.Nd2 Bd7 13.Bd3 Rfd8 14.Rac1 Rac8 15.Bb1 Nxd4
16.exd4 Qb8 17.Nc4 b5 18.Ne5 Be8 19.f4 g6 20.Rxc8 Rxc8 21.f5 exf5 22.Nxg6 hxg6
23.Qxe7 Nd5 24.Qg5 Qf4 25.Qxf4 Nxf4 26.d5 Rd8 27.d6 Bc6 28.Ba3 Bxg2 29.Kf2 Bb7  1/2-1/2

[Event "Yuzhny Open"]
[Site "Yuzhny UKR"]
[Date "2011.09.06"]
[Round "6.2"]
[White "Rakhmangulov,A"]
[Black "Bogdanovich,S"]
[Result "1/2-1/2"]
[WhiteElo "2400"]
[BlackElo "2520"]

1.d4 Nf6 2.Nf3 d5 3.c4 dxc4 4.e3 e6 5.Bxc4 c5 6.O-O Nc6 7.Nc3 a6 8.a3 b5
9.Ba2 Bb7 10.d5 exd5 11.Nxd5 Be7 12.e4 O-O 13.Bf4 c4 14.b3 Nxd5 15.exd5 Na5
16.b4 Nb3 17.Bxb3 cxb3 18.d6 Bf6 19.Rb1 Bxf3 20.Qxf3 b2 21.Qd5 Re8 22.d7 Re7
23.Bc7 Rxd7 24.Bxd8 Rxd5 25.Bxf6 gxf6 26.Rxb2 Rd3 27.Ra1 Rc8 28.g3 Rcc3 29.Rba2 Rb3
30.Kg2 Kg7 31.Kh3 Rf3 32.Kg2 Rfc3 33.Kh3 Kg6 34.Kg2 Rc4 35.Rd1 Rcc3 36.Rda1 h5
37.Kh3 Rf3 38.Kg2 Rfd3 39.Kh3 Rdc3 40.f4 Rc4 41.Kh4 Rcc3 42.Kh3 Rd3 43.Kh4 Rf3
44.a4 Rxb4 45.axb5 axb5 46.Rd1 Rc3 47.Rd6 Rb1 48.Rd5 Rc8 49.Ra6 Kg7 50.Kxh5 Rh8+
51.Kg4 Rxh2 52.Rd7 Rh7 53.Raa7 Kg6 54.Rd6 Kg7 55.Rdd7 Kg6 56.Rd6 Rh6 57.f5+ Kg7  1/2-1/2

[Event "ch-Euro Youth b14"]
[Site "Albena BUL"]
[Date "2011.09.11"]
[Round "1.7"]
[White "Csonka,B"]
[Black "Pomini,Aurelien"]
[Result "1/2-1/2"]
[WhiteElo "2289"]
[BlackElo "1918"]

1.d4 d5 2.c4 dxc4 3.Nf3 Nf6 4.e3 e6 5.Bxc4 c5 6.O-O a6 7.Bb3 b5 8.a4 Bb7
9.Qe2 Nbd7 10.Qd1 Qb8 11.axb5 axb5 12.Rxa8 Bxa8 13.Nc3 b4 14.Na4 Bd6 15.dxc5 Bxc5
16.Nxc5 Nxc5 17.Qc2 Nxb3 18.Qxb3 O-O 19.Bd2 Nd5 20.h3 Rc8 21.Rc1 Rxc1+ 22.Bxc1 h6
23.Bd2 Bc6 24.Nd4 Qa8 25.e4 Nc7 26.Qc2 Qa4 27.Qxa4 Bxa4 28.b3 Bd7 29.Bxb4 e5
30.Ne2 Be6 31.Ba5 Nb5 32.b4 Bc4 33.Ng3 Nd4 34.Nf1 Ne2+ 35.Kh2 Kf8 36.Ne3 Bd3
37.f3 Ke7 38.Nf5+ Kf8 39.Bb6 Nc3 40.Bc5+ Kg8 41.Ne7+ Kh7 42.Kg1 Nb5 43.Kf2 g6
44.g4 Kg7 45.h4 h5 46.Ke3 Bc4 47.g5 f6 48.f4 exf4+ 49.Kxf4 Nc7 50.gxf6+ Kxf6
51.Nc6 Ne6+ 52.Kf3 Nxc5 53.bxc5 g5 54.hxg5+ Kxg5 55.Nd4 h4 56.e5 Bd5+ 57.Kf2 h3
58.Kg3 h2 59.Kxh2 Kf4 60.e6 Ke5 61.e7 Bf7 62.Kg3 Be8 63.c6 Kd6 64.Nf5+ Kxc6
65.Kf4 Kd5 66.Kg5 Ke5 67.Ng7 Ba4 68.Kg6 Kd6 69.Kf7 Bb3+ 70.Kf8 Ba4 71.Ne8+ Ke6
72.Nc7+ Kf6 73.Na6 Kg6 74.Nc5 Bb5 75.e8=Q+ Bxe8 76.Kxe8  1/2-1/2

[Event "5th ch-Euro IBCA"]
[Site "Rhodes GRE"]
[Date "2011.09.13"]
[Round "7.1"]
[White "Mueller,Oli"]
[Black "Dukaczewski,P"]
[Result "0-1"]
[WhiteElo "2331"]
[BlackElo "2310"]

1.d4 d5 2.c4 dxc4 3.e3 Nf6 4.Nf3 e6 5.Bxc4 c5 6.O-O a6 7.b3 b5 8.Be2 Bb7
9.Bb2 Nbd7 10.a4 bxa4 11.bxa4 Rb8 12.Ba3 Ne4 13.Nfd2 Nxd2 14.Nxd2 cxd4 15.Nc4 Qg5
16.Bf3 Bxf3 17.Qxf3 Qd5 18.Qxd5 exd5 19.Nd6+ Bxd6 20.Bxd6 Rb6 21.Rac1 Rxd6
22.Rc8+ Ke7 23.Rxh8 d3 24.Rc8 Nb6 25.Rc3 d2 26.Rd1 Nc4 27.e4 Re6 28.f3 dxe4
29.fxe4 Rxe4 30.Kf2 Ke6 31.Rb3 a5 32.Rb8 Kf6 33.Rb5 g5 34.h3 h5 35.g3 Kg6
36.Rc5 f6 37.Rb5 Kf7 38.h4 gxh4 39.gxh4 Kg6 40.Rg1+ Kf7 41.Rd1 Rxh4 42.Rd5 Ke6
43.Rd8 Ke5 44.Kf3 Rh3+ 45.Ke2 h4 46.Rb1 Ke4 47.Rf1 Re3+ 48.Kd1 Rd3 49.Re8+ Kd4
50.Rf4+ Kc3 51.Rc8 Rd4 52.Rxd4 Kxd4 53.Kc2 h3 54.Rh8 h2 55.Rh4+ Kc5 56.Kd1  0-1

[Event "TCh-NED Meesterklasse 2011-12"]
[Site "Netherlands NED"]
[Date "2011.09.17"]
[Round "1.2"]
[White "Chuchelov,V"]
[Black "Muhren,B"]
[Result "1-0"]
[WhiteElo "2538"]
[BlackElo "2307"]

1.Nf3 d5 2.d4 Nf6 3.c4 dxc4 4.e3 e6 5.Bxc4 c5 6.O-O a6 7.dxc5 Qxd1 8.Rxd1 Bxc5
9.Be2 Nbd7 10.Nbd2 O-O 11.Nc4 Ne4 12.Nd4 Be7 13.f3 Nec5 14.e4 b5 15.Nc6 Bf6
16.Nd6 Ne5 17.Na5 Bd8 18.Bd2 Na4 19.Rab1 Bb6+ 20.Kf1 Bc5 21.Be1 f5 22.exf5 exf5
23.h3 Be6 24.b3 Nb6 25.f4 Ng6 26.Bf3 Rad8 27.Ndb7 Rxd1 28.Rxd1 Be7 29.g3 Rc8
30.Nc6 Bf8 31.Bf2 Nd5 32.Nbd8 Nc3 33.Rd4 Ne4 34.Bxe4 fxe4 35.Nxe6 Rxc6 36.Rxe4 Rc1+
37.Re1 Rc2 38.Re2 Rc1+ 39.Kg2 Ba3 40.Ng5 Ne7 41.Be3 Rd1 42.Bd2 h6 43.Nf3 Ra1
44.Bc3 Rc1 45.Bd4 Nc6 46.Be3 Rc3 47.f5 Kf7 48.g4 Bc5 49.Bf4 Be7 50.Ne5+ Nxe5
51.Bxe5 Rd3 52.Bxg7 Bd6 53.Bxh6 Rg3+ 54.Kf2 Rxh3 55.Re6 Bc5+ 56.Kg2  1-0

[Event "ch-Euro Youth g18"]
[Site "Albena BUL"]
[Date "2011.09.18"]
[Round "7.2"]
[White "Arabidze,M"]
[Black "Gevorgyan,M"]
[Result "0-1"]
[WhiteElo "2332"]
[BlackElo "2047"]

1.d4 d5 2.c4 dxc4 3.Nf3 Nf6 4.e3 e6 5.Bxc4 c5 6.Qe2 a6 7.dxc5 Bxc5 8.O-O b5
9.Bb3 Bb7 10.a4 b4 11.Nbd2 Nbd7 12.e4 Qb8 13.Bc2 h6 14.Nc4 Qc7 15.a5 Rc8
16.b3 Qc6 17.Nfe5 Nxe5 18.Nxe5 Qc7 19.Nc4 Qc6 20.Re1 O-O 21.Bb2 Rfd8 22.Bxf6 gxf6
23.Qh5 Kf8 24.Rad1 Bd4 25.Rd3 Ke7 26.Qxh6 Rh8 27.Qf4 e5 28.Qf3 Rh4 29.Rxd4 exd4
30.Bd3 Rg8 31.g3 Rg5 32.Qg2 Rh8 33.f4 Rgh5 34.h4 Rg8 35.Qh3 Bc8 36.f5 Bb7
37.Kf2 Rh7 38.g4 Rhg7 39.Rg1 Qc7 40.Kf3 Bc6 41.Qg3 Qd8 42.Qe1 Qb8 43.Qf2 Qd8
44.Qd2 Qb8 45.g5 fxg5 46.hxg5 Rh7 47.Rg3 Rh4 48.g6 f6 49.Nb6 Qd6 50.g7 Qc5
51.Rg5 Rh3+ 52.Kg4 Rxd3 53.Qxd3 fxg5 54.Qxa6 Qe5 55.Nc8+ Kd8 56.Qxc6 Rxg7
57.Qd6+ Qxd6 58.Nxd6 d3 59.Nc4 Rc7 60.Ne3 d2 61.a6 Ra7 62.Kf3 Rxa6 63.Ke2 Ra3
64.Kxd2 Rxb3 65.Nd5 g4 66.e5 Rf3 67.Nxb4 Rxf5 68.Nc6+ Kd7 69.Nd4 Rxe5 70.Ne2 Rf5
71.Ke3 Kd6 72.Nd4 Rf8 73.Ne2 Ke5 74.Nd4 Rf6  0-1

[Event "ch-Euro Youth g18"]
[Site "Albena BUL"]
[Date "2011.09.20"]
[Round "9.5"]
[White "Collado Barbas,L"]
[Black "Foisor,M"]
[Result "1/2-1/2"]
[WhiteElo "2057"]
[BlackElo "2205"]

1.d4 d5 2.c4 dxc4 3.Nf3 Nf6 4.e3 e6 5.Bxc4 c5 6.O-O a6 7.dxc5 Qxd1 8.Rxd1 Bxc5
9.Nfd2 b5 10.Be2 Bb7 11.Nb3 Be7 12.f3 Nc6 13.e4 Rc8 14.Nc3 Nb4 15.Bd2 O-O
16.a3 Nc6 17.Rac1 Nd7 18.Be3 Rfd8 19.f4 b4 20.axb4 Nxb4 21.Na5 Ba8 22.Nc4 Nc5
23.Nb6 Rb8 24.Rxd8+ Rxd8 25.Nxa8 Rxa8 26.Rd1 Rb8 27.Rd2 Kf8 28.Kf2 Ke8 29.Bxc5 Bxc5+
30.Kf3 Rd8 31.Rxd8+ Kxd8 32.e5 a5 33.Ne4 Bd4 34.Nd6 Ke7 35.Nc4 a4 36.Bd1 Bxb2
37.Bxa4 Bd4 38.h3 Bc5  1/2-1/2

[Event "Campomanes Mem GM"]
[Site "Yangon MYA"]
[Date "2011.09.25"]
[Round "7"]
[White "Zaw Win Lay"]
[Black "Htun Htun Than"]
[Result "1/2-1/2"]
[WhiteElo "2377"]
[BlackElo "2363"]

1.d4 d5 2.Nf3 Nf6 3.c4 dxc4 4.e3 e6 5.Bxc4 c5 6.O-O cxd4 7.exd4 Be7 8.Nc3 O-O
9.Bg5 Nc6 10.a3 Nd5 11.Bxd5 exd5 12.Bxe7 Nxe7 13.h3 b6 14.Re1 Bb7 15.Qd3 Qd7
16.Rad1 f6 17.Ne2 Nf5 18.Nf4 Rfe8 19.Qc3 g5 20.Nh5 Qf7 21.Ng3 Nxg3 22.Rxe8+ Qxe8
23.fxg3 Rc8 24.Re1 Rxc3 25.Rxe8+ Kf7 26.Rh8 Rc1+ 27.Kh2 Kg7  1/2-1/2

[Event "TCh-CZE Liga 1 Zapad"]
[Site "Czech Rep CZE"]
[Date "2011.10.02"]
[Round "1.4"]
[White "Orsag, Milan1"]
[Black "Vaculik, Martin"]
[Result "1/2-1/2"]
[WhiteElo "2407"]
[BlackElo "2247"]

1.d4 d5 2.Nf3 Nf6 3.c4 dxc4 4.e3 e6 5.Bxc4 c5 6.O-O a6 7.Bb3 cxd4 8.exd4 Nc6
9.Nc3 Be7 10.Re1 O-O 11.Be3 Na5 12.Bc2 b5 13.Qd3 Bb7 14.Bg5 g6 15.Rad1 Nc4
16.Bc1 Rc8 17.Qe2 Nb6 18.Bh6 Re8 19.Ne5 Qd6 20.f3 Bf8 21.Bg5 Bg7 22.Bb3 b4
23.Na4 Nxa4 24.Bxa4 Red8 25.Qd2 Rc7 26.Bb3 Bd5 27.Bxd5 exd5 28.Rc1 Rdc8 29.Rxc7 Rxc7
30.Ng4 Rc8 31.Nh6+ Kf8 32.Bf4 Qb6 33.Be5 Nh5 34.Ng4 f6 35.Bf4 Nxf4 36.Qxf4 Kg8
37.b3 h5 38.Nf2 f5 39.Rd1 Rc2 40.Qe3 Kh7 41.Nh3 Bf6  1/2-1/2

[Event "Belgrade Premier League 2011"]
[Site "Belgrade SRB"]
[Date "2011.10.06"]
[Round "6.1"]
[White "Nenezic,M"]
[Black "Mirkovic,Sl"]
[Result "0-1"]
[WhiteElo "2339"]
[BlackElo "2352"]

1.Nf3 d5 2.d4 Nf6 3.c4 dxc4 4.e3 e6 5.Bxc4 c5 6.O-O a6 7.Bb3 Nc6 8.Nc3 Be7
9.Qe2 cxd4 10.Rd1 O-O 11.exd4 Nb4 12.Bg5 Nfd5 13.Ne4 Bxg5 14.Nexg5 h6 15.Ne4 Bd7
16.Ne5 Nc6 17.Rac1 Rc8 18.Nxd7 Nxd4 19.Qd2 Rxc1 20.Rxc1 Nxb3 21.axb3 Qxd7
22.Nc3 Rd8 23.Nxd5 Qxd5 24.Qc3 Qd1+ 25.Qe1 Qxe1+ 26.Rxe1 Rd3 27.Kf1 Rxb3
28.Re2 Kf8 29.Ke1 Ke7 30.Kd1 Rb5 31.Kc2 e5 32.Re3 Rc5+ 33.Kb3 Ke6 34.Rd3 g6
35.Re3 h5 36.Re2 h4 37.Rd2 g5 38.Rd8 Rd5 39.Re8+ Kf6 40.Kc2 Rd7 41.h3 Kf5
42.Rc8 f6 43.Rf8 e4 44.Rc8 Kf4 45.Rc5 Rd6 46.Ra5 Rc6+ 47.Kd1 Rb6 48.Kc2 Rb5
49.Ra3 f5 50.Rc3 b6 51.Kb1 Rc5 52.Rb3 b5 53.Ra3 Rc6 54.Rb3 Ke5 55.Re3 a5
56.Re1 f4 57.Re2 a4 58.Rd2 e3  0-1

[Event "TCh-MNE 1st League"]
[Site "Tivat MNE"]
[Date "2011.10.08"]
[Round "3.1"]
[White "Blagojevic,Dr"]
[Black "Krivokapic,M"]
[Result "1-0"]
[WhiteElo "2514"]
[BlackElo "2413"]

1.d4 d5 2.c4 dxc4 3.Nf3 Nf6 4.e3 e6 5.Bxc4 c5 6.O-O a6 7.dxc5 Qxd1 8.Rxd1 Bxc5
9.Nbd2 Nbd7 10.Be2 b6 11.Nc4 Bb7 12.Nd4 Rc8 13.Nb3 Be7 14.f3 Bd5 15.Ncd2 Bb7
16.e4 Nc5 17.Nxc5 Bxc5+ 18.Kf1 Ke7 19.Nc4 Rhd8 20.Bg5 h6 21.Bh4 g5 22.Bf2 Rxd1+
23.Rxd1 Bxf2 24.Kxf2 b5 25.Nd6 Rc7 26.Nxb7 Rxb7 27.Rc1 Kd7 28.Ke3 Ne8 29.f4 f6
30.fxg5 hxg5 31.g3 f5 32.exf5 exf5 33.h4 gxh4 34.gxh4 Ng7 35.Kf4 Kd6 36.Bf3 Ne6+
37.Kxf5 Nd4+ 38.Ke4 Nxf3 39.Kxf3 Rf7+ 40.Kg3 Rg7+ 41.Kh3 a5 42.Rc2 Rg1 43.h5 b4
44.Rg2 Rh1+ 45.Rh2  1-0

[Event "US Chess League 2011"]
[Site "ICC INT"]
[Date "2011.10.12"]
[Round "7"]
[White "Kaufman,La"]
[Black "Schroer,J"]
[Result "1/2-1/2"]
[WhiteElo "2406"]
[BlackElo "2359"]

1.d4 d5 2.c4 dxc4 3.Nf3 Nf6 4.e3 e6 5.Bxc4 c5 6.O-O a6 7.dxc5 Qxd1 8.Rxd1 Bxc5
9.Nbd2 O-O 10.Nb3 Be7 11.Be2 Nc6 12.Bd2 b6 13.Nfd4 Nxd4 14.Nxd4 Bb7 15.f3 Rfd8
16.Rac1 Bc5 17.Nb3 Rxd2 18.Nxd2 Bxe3+ 19.Kf1 b5 20.Rc7 Bd5 21.Ne4 Bf4 22.Nxf6+ gxf6
23.Rd7 Kf8 24.g3 Be5 25.b3 Ke8 26.R7xd5 exd5 27.f4 Bd6 28.Rxd5 Ke7 29.a4 bxa4
30.bxa4 a5 31.Rh5 h6 32.Rxh6 Rc8 33.Rh7 Rc1+ 34.Kg2 Bc5 35.Bd3 Kf8 36.Rh8+ Kg7
37.Ra8 Bb4 38.Ra7 Re1 39.Kf3 Re3+ 40.Kxe3 Bc5+ 41.Ke4 Bxa7 42.Kf5 Bg1 43.h4 Bf2
44.Kg4 Be1 45.Kf3 Kh6 46.Kg4 Kg7 47.Bf5 Kh6 48.Bd7 Kg7 49.h5 Bf2 50.Kf3 Be1
51.g4 Bd2 52.Ke4 Bb4 53.Kf5 Be7 54.Bb5 Bd8 55.Bc4 Be7 56.g5 fxg5 57.fxg5 Bd8
58.h6+ Kf8 59.Ba2 Bb6 60.g6 fxg6+ 61.Kxg6 Bd4 62.Kf5 Be3 63.h7 Kg7 64.Bg8 Bd2
65.Ke4 Bb4  1/2-1/2

[Event "1st Central Asia Cup"]
[Site "Tashkent UZB"]
[Date "2011.10.26"]
[Round "9.21"]
[White "Khamdamov,S"]
[Black "Niyazmetov,R"]
[Result "1-0"]
[WhiteElo "2288"]
[BlackElo "2238"]

1.Nf3 d5 2.d4 e6 3.c4 dxc4 4.e3 c5 5.Bxc4 Nf6 6.O-O a6 7.Nc3 b5 8.Bb3 Bb7
9.Qe2 Nbd7 10.e4 cxd4 11.Nxd4 Bc5 12.Rd1 Qb6 13.Be3 O-O 14.f3 Rfd8 15.Rd2 Ne5
16.Rad1 Rd7 17.Nc2 Rad8 18.Kf1 Bc6 19.Rxd7 Rxd7 20.Rxd7 Bxd7 21.Bxc5 Qxc5
22.Qe3 Qxe3 23.Nxe3 Nd3 24.Ncd1 Kf8 25.Bc2 Nb4 26.a3 Nc6 27.Ke2 Ke7 28.Kd3 g5
29.b4 h5 30.Kc3 Bc8 31.Nf2 Nd7 32.Nd3 Nde5 33.Nc5 Kd6 34.Bd1 h4 35.Be2 Nd7
36.Nxd7 Bxd7 37.Nd1 e5 38.Nf2 Be6 39.Nd3 Bc4 40.Nc1 Be6 41.Bd1 f6 42.Nd3 Nd4
43.Nc5 Bc4 44.Kd2 Kc6 45.Nxa6 Ne6 46.g3 Kb6 47.Nb8 Nf8 48.gxh4 gxh4 49.f4 Kb7
50.fxe5 fxe5 51.Be2 Be6 52.Bxb5 Kxb8 53.a4 Nd7 54.a5 Nf6 55.Bc6 Kc7 56.b5 Ng4
57.Kc3 Nxh2 58.Kb4 Nf3 59.Kc5 Bc8 60.a6 Kb8 61.Kb6  1-0

[Event "ch-CRC 2011"]
[Site "San Jose CRC"]
[Date "2011.10.27"]
[Round "10"]
[White "Bermudez Munoz,A"]
[Black "Alfaro Rojas,A"]
[Result "1/2-1/2"]
[WhiteElo "2064"]
[BlackElo "2239"]

1.d4 d5 2.Nf3 Nf6 3.e3 e6 4.c4 dxc4 5.Bxc4 c5 6.O-O a6 7.a4 Nc6 8.Nc3 cxd4
9.exd4 Be7 10.h3 O-O 11.Be3 Nb4 12.Qe2 Bd7 13.Ne5  1/2-1/2

[Event "World Youth U16 Ol"]
[Site "Kocaeli TUR"]
[Date "2011.10.29"]
[Round "8.20"]
[White "Ajeet Singh,Roshan"]
[Black "Khomeriki,N"]
[Result "1-0"]
[WhiteElo "1886"]
[BlackElo "1903"]

1.d4 d5 2.c4 dxc4 3.Nf3 Nf6 4.e3 e6 5.Bxc4 c5 6.O-O a6 7.a4 Nc6 8.Qe2 cxd4
9.Rd1 Be7 10.exd4 O-O 11.Nc3 Nb4 12.Ne5 Nbd5 13.Rd3 Qc7 14.Rg3 Kh8 15.Bd3 Bb4
16.Ne4 Nxe4 17.Qxe4 f5 18.Qh4 Be7 19.Ng6+ Kg8 20.Nxe7+ Qxe7 21.Bg5 Qd7 22.Be2 g6
23.Bc4 b6 24.Bxd5 Qxd5 25.Bf6 Qd7 26.Be5 Bb7 27.Bf6 Bc8 28.Be5 Bb7 29.Qh6 Qf7
30.f3 Bc6 31.h4 Ra7 32.h5 Be8 33.hxg6 Qxg6 34.Rxg6+ Bxg6 35.Rc1 b5 36.a5 Rd7
37.Rc6  1-0

[Event "WYCC U14 Girls"]
[Site "Caldas Novas BRA"]
[Date "2011.11.19"]
[Round "2"]
[White "Saikhanzaya,Ganbaatar"]
[Black "Khomeriki,N"]
[Result "0-1"]
[WhiteElo "1795"]
[BlackElo "1930"]

1.d4 d5 2.c4 dxc4 3.Nf3 Nf6 4.e3 e6 5.Bxc4 c5 6.O-O a6 7.a4 Nc6 8.Nc3 Qc7
9.d5 exd5 10.Nxd5 Nxd5 11.Qxd5 Nd8 12.Ng5 h6 13.Nf3 Be7 14.Qh5 Be6 15.Bxe6 Nxe6
16.Ne5 O-O 17.f4 c4 18.Rd1 Rad8 19.Rxd8 Bxd8 20.Qe2 b5 21.axb5 axb5 22.Bd2 Be7
23.Ra6 Qb7 24.Ra5 Rd8 25.Bc3 Qe4 26.Rxb5 Nxf4 27.Qf3 Rd1+ 28.Kf2 Bh4+ 29.Qg3 Bxg3+
30.Kxg3 Qxg2+ 31.Kxf4 Rf1+ 32.Nf3 Rxf3+ 33.Ke4 Qg4+ 34.Ke5 Rf5+  0-1

[Event "Chin Van Xanddorj GM"]
[Site "Ulaanbaatar MGL"]
[Date "2011.12.06"]
[Round "1"]
[White "Batchuluun,T"]
[Black "Tuvshintugs,B"]
[Result "1-0"]
[WhiteElo "2446"]
[BlackElo "2324"]

1.d4 d5 2.c4 dxc4 3.Nf3 Nf6 4.e3 e6 5.Bxc4 c5 6.O-O a6 7.dxc5 Bxc5 8.Qxd8+ Kxd8
9.Nbd2 Nc6 10.Nb3 Bd6 11.Be2 Ke7 12.Nfd2 Rd8 13.Nc4 Bc7 14.Bd2 b5 15.Nca5 Bxa5
16.Bxa5 Nxa5 17.Nxa5 Bd7 18.Bf3 Rab8 19.Rfc1 Ne8 20.b4 Rdc8 21.Kf1 Nd6 22.Ke2 Rxc1
23.Rxc1 Rc8 24.Rc5 Rxc5 25.bxc5 Nc4 26.Nxc4 bxc4 27.Kd2 Bb5 28.Kc3 a5 29.Be2 Kd7
30.Bxc4 Ba4 31.Kd4 Bc6 32.g3 Ba4 33.f4 Bc6 34.g4 h6 35.h4 Bf3 36.Bb5+ Kc7
37.g5 hxg5 38.hxg5 f6 39.gxf6 gxf6 40.e4 Bg2 41.a3 Bf3 42.e5 f5 43.Kc3 Bd5
44.Bc4  1-0

[Event "IV Amitan Mem GM"]
[Site "Donetsk UKR"]
[Date "2011.12.11"]
[Round "5"]
[White "Kasparov,S"]
[Black "Bogdanovich,S"]
[Result "1/2-1/2"]
[WhiteElo "2521"]
[BlackElo "2510"]

1.d4 d5 2.c4 dxc4 3.Nf3 Nf6 4.e3 e6 5.Bxc4 c5 6.O-O Nc6 7.dxc5 Bxc5 8.Qxd8+ Kxd8
9.a3 Bd6 10.Rd1 Ke7 11.Nbd2 Bd7 12.Be2 Rhd8 13.b4 Ne5 14.Bb2 Ng6 15.Nc4 Bc7
16.Rac1  1/2-1/2

[Event "FIDE Women's World Teams"]
[Site "Mardin TUR"]
[Date "2011.12.26"]
[Round "8"]
[White "Pavlidou,E"]
[Black "Patel,Y"]
[Result "1-0"]
[WhiteElo "2176"]
[BlackElo "1832"]

1.d4 d5 2.c4 dxc4 3.Nf3 Nf6 4.e3 e6 5.Bxc4 c5 6.O-O a6 7.a4 Nc6 8.Qe2 Qc7
9.Rd1 Bd6 10.h3 O-O 11.Nc3 e5 12.d5 Ne7 13.e4 Ng6 14.a5 Nh5 15.Be3 Nhf4 16.Qf1 Bd7
17.Ne2 Rae8 18.Rdc1 Qd8 19.Rc3 Nh4 20.Nxh4 Qxh4 21.Bd2 Bc8 22.Re1 Qd8 23.Rb3 f5
24.Ng3 Kh8 25.exf5 Bc7 26.Ne4 Rxf5 27.Nxc5 Bxa5 28.Bxa5 Qxa5 29.Nxb7 Bxb7
30.Rxb7 Rg5 31.b4 Qa3 32.Re3 Qb2 33.g3 Qd4 34.h4 Rg6 35.Bb3 e4 36.d6 Qxd6
37.Bf7 Rc8 38.Qc4  1-0

[Event "XLI Rilton Cup 2011-12"]
[Site "Stockholm SWE"]
[Date "2011.12.27"]
[Round "1"]
[White "Villegas,P"]
[Black "Rasmussen,A"]
[Result "1/2-1/2"]
[WhiteElo "2249"]
[BlackElo "2541"]

1.d4 d5 2.c4 dxc4 3.e3 Nf6 4.Bxc4 e6 5.Nf3 c5 6.O-O Nc6 7.dxc5 Bxc5 8.Qxd8+ Kxd8
9.Nbd2 Ke7 10.a3 a5 11.b3 Bd7 12.Bb2 Rhc8 13.Be2 Ne8 14.Ne4 Ba7 15.Rfd1 f6
16.b4 e5 17.bxa5 Nxa5 18.Bc3 Nc6 19.Rab1 Rc7 20.Rb2 Bf5 21.Nfd2 Rd8 22.Kf1 Nd6
23.Nxd6 Rxd6 24.Ke1 Bc5 25.Nc4 Rxd1+ 26.Kxd1 Be6 27.a4 Kd8 28.Na5 Kc8 29.Nxc6 Rxc6
30.Bb5 Rd6+ 31.Ke2 Kb8 32.Bd3 h6 33.a5 Kc8 34.Rb5 Rc6 35.Kd2 Ba7 36.Be4 Rc7
37.Bd5 Bxd5 38.Rxd5 Rd7 39.Rxd7 Kxd7 40.Kd3 h5 41.h3 Bb8  1/2-1/2

[Event "Cracovia Open A"]
[Site "Krakow POL"]
[Date "2011.12.30"]
[Round "4.1"]
[White "Cyborowski,L"]
[Black "Lintchevski,D"]
[Result "1/2-1/2"]
[WhiteElo "2548"]
[BlackElo "2575"]

1.d4 d5 2.Nf3 Nf6 3.c4 dxc4 4.e3 e6 5.Bxc4 c5 6.O-O a6 7.dxc5 Bxc5 8.Qxd8+ Kxd8
9.Nbd2 Ke7 10.Be2 Bd7 11.Nb3 Bb6 12.Ne5  1/2-1/2

[Event "15th Guben Neujahrsopen"]
[Site "Guben GER"]
[Date "2012.01.02"]
[Round "2.5"]
[White "Hansch,T"]
[Black "Wichmann,C"]
[Result "1/2-1/2"]
[WhiteElo "2119"]
[BlackElo "2350"]

1.d4 d5 2.c4 dxc4 3.Nf3 Nf6 4.e3 c5 5.Bxc4 e6 6.O-O a6 7.Bb3 Qc7 8.Nc3 b5
9.dxc5 Bxc5 10.Qe2 Bb7 11.Rd1 Nbd7 12.Bd2 Rc8 13.Rac1 O-O 14.Be1 Qb8 15.h3 Qa8
16.Bc2 Rfe8 17.Bb1 Rc7 18.a3 Bb6 19.Na2 Nc5 20.b4 Nce4 21.Rxc7 Bxc7 22.Nc3 Nd6
23.a4 Bc6  1/2-1/2